00349nam a2200109Ia 4500008004100000082001100041100001400052245005100066942000600117952010100123999001500224240331s9999 xx 000 0 und d aSHAb4 aShah, G.R 4aThe encyclopedia of women's studies :bvol.1-2 cL 001040708LaWERCLbWERCLcSSCd2024-03-31l0o 030.305 4 SHAp3991r2024-03-31w2024-03-31yL c3244d3244